| 000 | 00448nam a2200133Ia 4500 | ||
|---|---|---|---|
| 008 | 170221s9999 xx 000 0 und d | ||
| 100 | _aTek B. Lama | ||
| 245 | _aEmpirical Evidence on the Link Between Compliance with Governance of Best Practice and Firms' Operating Results | ||
| 245 | _cTek B. Lama | ||
| 260 | _c2012 | ||
| 300 | _a32 : 19 | ||
| 650 | _xBusiness | ||
| 856 | _uhttp://ro.uow.edu.au/cgi/viewcontent.cgi?article=1398&context=aabfj | ||
| 999 |
_c311403 _d311403 |
||